000 00891pam a2200277 a 4500
001 3398121
003 OSt
005 20161007144108.0
008 890524s1989 enka b 001 0 eng
010 _a 89012296
020 _a0582226287
040 _cDDC.
082 0 0 _a543VOG 2000.
100 1 _aMendham, J...[etal]
_98273
240 1 0 _aTextbook of quantitative chemical analysis
245 1 0 _aVogel's textbook of quantitative chemical analysis.
250 _a6th ed.
260 _aHarlow England :
_bPrentice Hall
_c2000
300 _axxv, 806p. :
_bill. ;
_c25cm.
504 _aIncludes bibliographies and index.
650 0 _aChemistry, Analytic
_98274
700 1 _aJeffery, G. H.,
_d1909-
_98275
700 1 _aVogel, Arthur Israel.
_tVogel's textbook of quantitative inorganic analysis.
_98276
906 _a7
_bcbc
_corignew
_d1
_eocip
_f19
_gy-gencatlg
942 _2ddc
_cO_SHELF
999 _c5320
_d5320